Cannabis, de los márgenes a la normalidad hacia un nuevo modelo de regulación (Registro nro. 12758)
[ vista simple ]
| 000 -Cabecera | |
|---|---|
| Campo de control de longitud fija | 01083nam a22004097a 4500 |
| 005 - Fecha y hora de la última transacción | |
| Campo de control | 20250626145924.0 |
| 008 - Elementos de longitud fija--Información general | |
| Campo de control de longitud fija | 200915b2017 xxu||||| |||| 00| 0 spa d |
| 020 ## - International Standard Book Number | |
| Número Internacional Estándar del Libro (ISBN) | 9788472908246 |
| 041 ## - Idioma | |
| Código de idioma | Español |
| 082 ## - Clasificación Decimal Dewey | |
| Número de clasificación | 362.295 C224c |
| 245 ## - Título propiamente dicho | |
| Título | Cannabis, de los márgenes a la normalidad hacia un nuevo modelo de regulación |
| 260 ## - Pie de imprenta | |
| Lugar de publicación, distribución, etc. | España |
| 260 ## - Pie de imprenta | |
| Nombre del editor, distribuidor, etc. | Bellaterra |
| 260 ## - Pie de imprenta | |
| Fecha de publicación, distribución, etc. | 2017 |
| 300 ## - Descripción física | |
| Extensión | 361 páginas |
| 490 ## - Serie | |
| Título de la Serie | Temática General |
| 650 ## - Materia general | |
| Temática (materia general) | INVESTIGACIÓN CRIMINAL |
| 650 ## - Materia general | |
| Temática (materia general) | CANNABIS |
| 650 ## - Materia general | |
| Temática (materia general) | REGULACIÓN DEL CANNABIS |
| 650 ## - Materia general | |
| Temática (materia general) | LEGALIDAD |
| 650 ## - Materia general | |
| Temática (materia general) | PROHIBICIÓN |
| 650 ## - Materia general | |
| Temática (materia general) | NORMALIZACIÓN |
| 650 ## - Materia general | |
| Temática (materia general) | EFECTOS SOCIO-SANITARIOS |
| 650 ## - Materia general | |
| Temática (materia general) | PSICOSIS JUVENIL |
| 650 ## - Materia general | |
| Temática (materia general) | TRANSTORNOS MENTALES |
| 650 ## - Materia general | |
| Temática (materia general) | PREVALENCIAS DE CONSUMO |
| 650 ## - Materia general | |
| Temática (materia general) | ABUSO DEL CONSUMO |
| 650 ## - Materia general | |
| Temática (materia general) | PRECIOS |
| 650 ## - Materia general | |
| Temática (materia general) | TRATAMIENTO POR CONSUMO |
| 650 ## - Materia general | |
| Temática (materia general) | FRACASO ESCOLAR |
| 650 ## - Materia general | |
| Temática (materia general) | MULTAS |
| 650 ## - Materia general | |
| Temática (materia general) | DETENCIONES |
| 650 ## - Materia general | |
| Temática (materia general) | DELITOS |
| 650 ## - Materia general | |
| Temática (materia general) | USO TERAPÉUTICO |
| 650 ## - Materia general | |
| Temática (materia general) | IMPORTACIÓN |
| 942 ## - Punto de acceso adicional KOHA | |
| Tipo de ítem KOHA | Libro |
| Fuente del sistema de clasificación o colocación | Dewey Decimal Classification |
| Signatura completa | Código de barras | Programa Académico | Tipo de ítem |
|---|---|---|---|
| 362.295 C224c | 25086 | Temática General | Libro |